Normal view
MARC view
Entry Término temático
001 - NÚMERO DE CONTROL
- campo de control: 89692
003 - IDENTIFICADOR DEL NÚMERO DE CONTROL
- campo de control: DO-SdBNP
005 - FECHA Y HORA DE LA ÚLTIMA TRANSACCIÓN
- campo de control: 20260521125945.0
008 - DATOS DE LONGITUD FIJA
- campo de control de longitud fija: 260521|| aza||aabn | a|a d
040 ## - FUENTE DE LA CATALOGACIÓN
- Centro catalogador/agencia de origen: DO-SdBNP
- Centro/agencia transcriptor: DO-SdBNP
150 ## - ENCABEZAMIENTO--TÉRMINO DE MATERIA
- Término de materia o nombre geográfico como elemento de entrada: Conservación de Bosques
- Subdivisión geográfica: República Dominicana
670 ## - FUENTE DE DATOS ENCONTRADOS
- Cita de la fuente: Work cat.: (DO-SdBNP)48524: Rivera Valdez, Yrvin A. autor 76442, Estudio bitemporal de la deforestación en la República Dominicana usando sensores remotos /
